000 00193 a2200097 4500
020 _a9780882721330
041 _aspa
100 _aLee, Hee Ju
245 _aConstruyamos una piramide
942 _cBK
999 _c8733
_d8733